000 00437nam a2200181Ia 4500
008 210210b1964 xxu||||| |||| 00| 0 eng d
041 _aeng
082 _a511/109
100 _aROBERTSON (A P)
245 _aTopological vector spaces
260 _aCambridge
_bAt the University Press
_c1964
650 _avector
650 _aTopological
650 _aspaces
690 _aAlgebra
700 _aROBERTSON (W J)
906 _a007179
999 _c139515
_d139515